Kitāb al-waḥshiyyāt : Nuskha bar gardān bih qaṭʿ-i aṣl-i nuskha-yi khaṭṭi-yi kitābkhāna-yi shakhṣi-yi Dr. Waḥīd Dhulfiqārī kitābat 550 H /

The Arab poet and anthologist Abū Tammām (d. 231/845) was born in Jāsim in Syria, between Damascus and Darʿā. After a first period as a weavers' assistant in Damascus and as a water-seller in Cairo, studying poetry on the side, he had his breakthough as a poet after his return to Syria in the t...

وصف كامل

محفوظ في:

المؤلف الرئيسي: Tammām, Abū (مؤلف)

مؤلفون آخرون: Āḏarshab, Muḥammad ʿAlī (المحرر), Ḍūlfaqārī, Vaḥīd (المحرر), Mihrīzī, Muḥammad Riḍā Abūʿī (المحرر), Dāmghānī, Aḥmad Mahdavī (المحرر)

التنسيق: كتاب الكتروني

اللغة: English
Persian

منشور في: Leiden; Boston : BRILL, [2019]

سلاسل: Miras Maktoob, ISBN: 9789004365452.

الموضوعات:

الوصول للمادة أونلاين: Login to view Source

الوسوم: إضافة وسم

لا توجد وسوم, كن أول من يضع وسما على هذه التسجيلة!

رقم الطلب: PJ7701.6.T35

LEADER 04106nam a22006131i 4500
001 BRILL9789004405684
003 nllekb
005 20211118222631.0
006 m d
007 cr un uuuua
008 200305t20192011ne sb 001 0 eng d
020 |a 9789004405684  |q (electronic book) 
020 |a 9786002030085  |q (print) 
024 7 |a 10.1163/9789004405684  |2 DOI 
035 |a (OCoLC)1154068802 
040 |a NL-LeKB  |c NL-LeKB  |e rda 
041 0 |a per  |b eng 
050 4 |a PJ7701.6.T35 
072 7 |a HBJF1  |2 bicssc 
072 7 |a HIS  |x 003000  |2 bisacsh 
072 7 |a HIS  |x 026000  |2 bisacsh 
082 0 4 |a 892.7134  |2 23 
100 1 |6 880-01  |a Tammām, Abū,  |e author. 
880 1 |6 100-01/(3/r  |a تمام ، ابو,  |e author. 
245 1 0 |6 880-02  |a Kitāb al-waḥshiyyāt :  |b Nuskha bar gardān bih qaṭʿ-i aṣl-i nuskha-yi khaṭṭi-yi kitābkhāna-yi shakhṣi-yi Dr. Waḥīd Dhulfiqārī kitābat 550 H /  |c by Abū Tammām ; (Edited by) Muḥammad Riḍā Abūʿī Mihrīzī, Vaḥīd Ḍūlfaqārī, Aḥmad Mahdavī Dāmghānī, Muḥammad ʿAlī Āḏarshab. 
880 1 0 |6 245-02/(3/r  |a کتاب الوحشیات (نسخه برگردان) /  |c by ابو تمام حبیب بن اوس طائی ; (Edited by) محمدرضا ابوئی مهریزی ، وحید ذوالفقاری / پیشگفتار: احمد مهدوی دامغانی/ مقدمه عربی: محمدعلی آذرشب. 
246 3 |a Nuskha bar gardān bih qaṭʿ-i aṣl-i nuskha-yi khaṭṭi-yi kitābkhāna-yi shakhṣi-yi Dr. Waḥīd Dhulfiqārī kitābat 550 H 
264 1 |a Leiden;   |a Boston :  |b BRILL,  |c [2019] 
264 4 |c ©2011 
300 |a 1 online resource. 
336 |a text  |b txt  |2 rdacontent 
337 |a computer  |b c  |2 rdamedia 
338 |a online resource  |2 rdacarrier 
490 1 |a Miras Maktoob, ISBN: 9789004365452 
520 |a The Arab poet and anthologist Abū Tammām (d. 231/845) was born in Jāsim in Syria, between Damascus and Darʿā. After a first period as a weavers' assistant in Damascus and as a water-seller in Cairo, studying poetry on the side, he had his breakthough as a poet after his return to Syria in the time of al-Muʿtaṣim billāh (r. 218-27/833-42). Considered as the greatest panegyrist of his time, he sang the praises of the caliph and many other public figures of his age. Besides Egypt, Abū Tammām also travelled to other regions, his most celebrated sojourn being in Hamadan where he compiled his famous poetic anthology the Kitāb al-ḥamāsa . The present work is a similar compilation by him, though smaller and much less known. Edited previously on the basis of one manuscript from Istanbul, the present facsimile edition is of a second manuscript, this time from Yazd. Some folios missing but good readings, interesting marginalia. 
546 |a Persian. 
588 |a Description based on print version record. 
650 0 |a Arabic poetry  |y 750-1258  |x Facsimiles. 
650 0 |a Arabic poetry. 
700 1 |6 880-03  |a Āḏarshab, Muḥammad ʿAlī,  |e editor. 
880 1 |6 700-03/(3/r  |a آذرشب ، محمدعلی,  |e editor. 
700 1 |6 880-04  |a Ḍūlfaqārī, Vaḥīd,  |e editor. 
880 1 |6 700-04/(3/r  |a ذوالفقاری ، وحید,  |e editor. 
700 1 |6 880-05  |a Mihrīzī, Muḥammad Riḍā Abūʿī,  |e editor. 
880 1 |6 700-05/(3/r  |a مهریزی ، محمدرضا ابوی,  |e editor. 
700 1 |6 880-06  |a Dāmghānī, Aḥmad Mahdavī,  |e editor. 
880 1 |6 700-06/(3/r  |a دامغانی ، احمد مهدوی,  |e editor. 
776 0 8 |i Print version:  |t Kitāb al-waḥshiyyāt : Nuskha bar gardān bih qaṭʿ-i aṣl-i nuskha-yi khaṭṭi-yi kitābkhāna-yi shakhṣi-yi Dr. Waḥīd Dhulfiqārī kitābat 550 H.  |d Leiden ; Boston : BRILL, 2019  |z 9786002030085  |z (OCoLC)778794104 
830 0 |a Miras Maktoob, ISBN: 9789004365452. 
856 4 |z DOI:   |u http://dx.doi.org/10.1163/9789004405684 
880 1 |6 700-07/(3/r  |a تای ، ابوطمام حبیب بن اوس. 
942 |2 lcc  |c EBOOK 
952 |0 0  |1 0  |2 lcc  |4 0  |7 1  |9 23286  |a BRILL  |b BRILL  |d 2021-11-18  |l 0  |r 2021-11-18 00:00:00  |w 2021-11-18  |y EBOOK 
999 |c 40760  |d 40760